| 000 | 00520nam a2200181Ia 4500 | ||
|---|---|---|---|
| 008 | 100917s9999 xx 000 0 und d | ||
| 082 | _b30071 | ||
| 100 | _aआचार्य तुलसी | ||
| 245 | _aभगवान महावीर | ||
| 260 |
_bजैन विश्वभारती प्रकाशन _c1974 |
||
| 300 | _a140 | ||
| 365 | _b5 | ||
| 520 | _a--- | ||
| 630 | _aभगवान महावीर | ||
| 650 | _a--- | ||
| 730 | _aभगवान महावीर | ||
| 942 | _cBOOK | ||
| 999 |
_c635465 _d635462 |
||